000 01588cam a22004814i 4500
003 PE-LiUPU
005 20250731165515.0
008 150623s r 000 0 d
035 _a(Sirsi) a25060
035 _a(Sirsi) a25060
040 _aPE-LiUPU
_bspa
_cPE-LiUPU
_erda
082 0 4 _a463d
_bR312001
_221
110 2 _aReal Academia Española
245 1 0 _aDiccionario de la lengua española.
_n1 /
_cReal Academia Española.
250 _aes
264 1 _aMadrid, España :
_bEditorial Espasa Calpe,
_c2001.
300 _a1180 páginas ;
_c20 cm.
336 _atext
_2rdacontent
337 _aunmediated
_2rdamedia
338 _avolume
_2rdacarrier
505 0 _aDiccionario (A-G).
526 _aSEG44
526 _aSEG26
526 _aP151
526 _aP150
526 _aP149
526 _aP146
526 _aP145
526 _aP126
526 _aP125
526 _aP92
526 _aP75
526 _aP74
526 _aP27
526 _aP15
650 0 4 _aDiccionarios.
942 _2ddc
_cBOOK
949 _aRC 463D R31 1 2001
_wDEWEY
_c1
_i49475
_lRC
_mBUL
_r0
_sY
_tBOOK
_u2015-6-24
_xBIBLIOTECA
_zUNKNOWN
_0COMPRA
_o.CIRCNOTE. No olvidar cambiar la fecha de devolución!!!!!!!
_o.STAFF. Colección General
994 _aC0
_bPEPRU
596 _a1
999 _aRC 463D R31 1 2001
_wDEWEY
_c30085
_i49475
_d30085
_e2015-9-10
_f2021-11-8
_g5
_lRCG
_mBUL
_n1
_q22
_r1
_sY
_tBOOK
_u2015-6-24
_xBIBLIOTECA
_zUNKNOWN
_0COMPRA
_o.CIRCNOTE. No olvidar cambiar la fecha de devolución!!!!!!!
_o.STAFF. Colección General
980 _81
_gALBERTO SANCHEZ Responsable de Automatización